02373nam a22002657a 45000010005000000030006000050050017000110080041000280200018000690400029000870820015001161000023001312450404001542600054005583000050006124900041006625050008007035200742007115200406014535210029018595210020018886500128019086500043020367000028020799041FISKH20251117115515.0251117b cb ||||| |||| 00| 0 eng d a9789995084875 aFISKHbkhrcFISKHdFISKH a398.209596 aSotheary , Kimsun  aភ្នំប្រុស ភ្នំស្រី /cរៀបរៀងដោយ អ្នកស្រី គឹមស៊ុន សុធារី ,​ ត្រួតពិនិត្យអក្ខរាវិរុទ្ធដោយ អ្នកនាង វ៉ាត ចរិយា​ , កញ្ញា វុិច វឌ្ឍនា និង កញ្ញា ហម លីមឆេង​ aភ្នំពេញ :bReading Books , c2008.  a20 pages : bcolor illustrations ; c25 cm .  aពិភពរឿងនិទាន aJ  aកាលពីដើមឡើយ មនុស្សស្រី ជាអ្នកទៅដណ្តឹងប្រុស ។​ ដោយមានការខ្មាសអៀនមនុស្សស្រី ក៏ភ្នាល់គ្នាជាមួយមនុស្សប្រុសដោយពូនភ្នំ នរណាពូនចាញ់នឹងទៅដណ្តឹងគេ ។​ មនុស្សប្រុសចាញ់កលស្រី ទើបចាញ់ការភ្នាល់ចាញ់ ។​ ភ្នំប្រុសទាបជាងភ្នំស្រី ទើបមនុស្សប្រុសទៅដណ្តឹងស្រីរហូតដល់សព្វថ្ងៃ ។  aLong ago, women were the ones who went to propose marriage to men. Because they felt shy, the women made a bet with the men to build mountains—whoever lost would be the one to go and propose. The men were outsmarted by the women and lost the bet. The men’s mountain became lower than the women’s mountain, and that is why, from that time until today, men are the ones who go to propose to women.8 a500 bLexile estimate 8 aJ bRaz-Plus  aភ្នំប្រុស ភ្នំស្រីvរឿងព្រេងប្រជាប្រិយខ្មែរ aPhnom Bros Phnom SreyvKhmer folktales aSan, ThaieIllustrator